00922cam a22002531 450000100060000000300080000600500170001400800410003103500200007203500190009204000390011104100080015008200180015810000310017624500380020725000120024526000430025730000210030065000420032194200120036399900170037595201390039295201370053119574BD-RjUL20211209000441.0140225s1962 nyu 000 1 eng d a(BD-RjUL) 19634 a(OCoLC)1052820 aDLCcMNSdOCoLCdDLCdBD-RjULbeng aeng00a823bBAT 19621 aBarry, Jane,d1925-96013212aA time in the sun /c Jane, Barry a1st ed. aGarden City, N.Y. :bDoubleday,c1962. a384 p. ;c22 cm. 0aApache IndiansxWarsvFiction.960133 2ddccBK c19574d19574 00102ddc40708FICaRUCLbRUCLcStackd1963-02-19eU. S. I. S. Dacca Giftl0o823 BAT 1962r2014-02-25 00:00:00tC-2w2014-02-25yBK 00102ddc40728FICaRUCLbRUCLcReadingd1963-02-19eU.S.I.S Giftg0.00l0o823 BAT 1962r2014-03-02 00:00:00tC-1w2014-03-02yBK